<?xml version="1.0" encoding="UTF-8"?>
<collection xmlns:xsi="http://www.w3.org/2001/XMLSchema-instance" xsi:schemaLocation="http://www.loc.gov/MARC21/slim http://www.loc.gov/standards/marcxml/schema/MARC21slim.xsd" xmlns="http://www.loc.gov/MARC21/slim">
 <record>
  <leader>00000nam a2200000 i 4500</leader>
  <controlfield tag="001">UP-8027295163992821238</controlfield>
  <controlfield tag="003">Buklod</controlfield>
  <controlfield tag="005">20241123154358.0</controlfield>
  <controlfield tag="006">g||| |     fs   v|</controlfield>
  <controlfield tag="007">ta</controlfield>
  <controlfield tag="008">240829s2020    enk         b 001 0 eng d</controlfield>
  <datafield tag="020" ind1=" " ind2=" ">
   <subfield code="a">780128498675</subfield>
   <subfield code="a">paperback</subfield>
  </datafield>
  <datafield tag="035" ind1=" " ind2=" ">
   <subfield code="a">22386280</subfield>
  </datafield>
  <datafield tag="040" ind1=" " ind2=" ">
   <subfield code="a">DLC</subfield>
   <subfield code="e">rda</subfield>
   <subfield code="d">DSWCD</subfield>
  </datafield>
  <datafield tag="041" ind1="0" ind2=" ">
   <subfield code="a">eng</subfield>
  </datafield>
  <datafield tag="090" ind1=" " ind2=" ">
   <subfield code="a">HM716</subfield>
   <subfield code="b">I53 2020</subfield>
  </datafield>
  <datafield tag="245" ind1="0" ind2="0">
   <subfield code="a">Individual motivation within groups</subfield>
   <subfield code="b">social loafing and motivation gains in work, academic, and sports teams</subfield>
   <subfield code="c">edited by Steven J. Karau.</subfield>
  </datafield>
  <datafield tag="264" ind1=" " ind2="1">
   <subfield code="a">London, United Kingdom</subfield>
   <subfield code="a">San Diego, CA, United States</subfield>
   <subfield code="b">Academic Press is an imprint of Elsevier</subfield>
   <subfield code="c">[2020]</subfield>
  </datafield>
  <datafield tag="300" ind1=" " ind2=" ">
   <subfield code="a">iv, 368 pages</subfield>
   <subfield code="c">23 cm</subfield>
  </datafield>
  <datafield tag="336" ind1=" " ind2=" ">
   <subfield code="a">text</subfield>
   <subfield code="2">rdacontent</subfield>
  </datafield>
  <datafield tag="337" ind1=" " ind2=" ">
   <subfield code="a">unmediated</subfield>
   <subfield code="2">rdamedia</subfield>
  </datafield>
  <datafield tag="338" ind1=" " ind2=" ">
   <subfield code="a">volume</subfield>
   <subfield code="2">rdacarrier</subfield>
  </datafield>
  <datafield tag="504" ind1=" " ind2=" ">
   <subfield code="a">Includes bibliographical references and index.</subfield>
  </datafield>
  <datafield tag="505" ind1="0" ind2=" ">
   <subfield code="a">Social loafing and motivation gains in groups: an integrative review / Steven J. Karau, Aric J. Wilhau -- Social loafing in organizational work groups: the mitigating effect of servant leadership / Jeroen Stouten, Robert C. Liden -- Individual motivation, team learning, and performance in collaborative academic contexts / Michaela C. Schippers, Ad W.A. Scheepers -- Effort losses and effort gains in sports teams / Joachim Hüffmeier, Guido Hertel -- Back to the future: the Köhler motivation gain in exergames / Stephen Samendinger, Emery J. Max, Deborah L. Feltz, Norbert L. Kerr -- Sustaining individual motivation in high-demand team environments / James E. Driskell, Eduardo Salas -- Temporal stability of effort gains in teams / Guido Hertel, Joachmim Hüffmeier -- Social loafing in the management of social dilemmas / Craig D. Parks -- Social facilitation and social loafing: opposite sides of the same coin / Adam J. Brown, Stephen G. Harkins -- Ostracism and motivation in groups / Kristin L. Sommer, Julia Leone, Kipling D. Williams.</subfield>
  </datafield>
  <datafield tag="650" ind1=" " ind2="0">
   <subfield code="a">Social groups.</subfield>
  </datafield>
  <datafield tag="650" ind1=" " ind2="0">
   <subfield code="a">Sports teams.</subfield>
  </datafield>
  <datafield tag="650" ind1=" " ind2="0">
   <subfield code="a">Motivation (Psychology)</subfield>
  </datafield>
  <datafield tag="700" ind1="1" ind2=" ">
   <subfield code="a">Karau, Steven</subfield>
   <subfield code="e">editor.</subfield>
  </datafield>
  <datafield tag="905" ind1=" " ind2=" ">
   <subfield code="a">FO</subfield>
  </datafield>
  <datafield tag="852" ind1="0" ind2=" ">
   <subfield code="a">UPD</subfield>
   <subfield code="b">DSWCD</subfield>
   <subfield code="h">HM716</subfield>
   <subfield code="i">I53 2020</subfield>
  </datafield>
  <datafield tag="942" ind1=" " ind2=" ">
   <subfield code="a">Book</subfield>
  </datafield>
 </record>
</collection>
